| 000 | 00496nam a2200181 a 4500 | ||
|---|---|---|---|
| 005 | 20140412111249.0 | ||
| 008 | 020516s19uu xx 00 eng d | ||
| 020 | _a1-85434-243-6 | ||
| 050 |
_aREF 611.8 _bH274 1994 |
||
| 100 | _aHaslam, Andrew | ||
| 245 |
_aBody / _cAndrew Haslam ; written by Liz Wyse. |
||
| 260 |
_aLondon : _bTwo-Can, _c1994. |
||
| 300 | _a48 p. ; ill. | ||
| 440 | _aMake It Work! | ||
| 500 | _aIncludes indexes | ||
| 650 |
_aBody _xJuvenile literature |
||
| 999 |
_c103066 _d103066 |
||